| 000 | 00982nam a2200301Ia 4500 | ||
|---|---|---|---|
| 001 | Para_5847 | ||
| 003 | CHAP | ||
| 008 | 220125s1981 xx 000 0 und d | ||
| 010 | _a204331 | ||
| 040 | _cCHAP | ||
| 090 | _aPA TESIS 162 | ||
| 100 |
_aLópez Guadarrama, Adàn _967945 |
||
| 245 |
_aDetección de fuentes de resistencia a la antracnosis del frijol Colletotrichum lindemuthianum Sacc y Magn (Scribner) / _c por Adón López Guadarrama |
||
| 260 |
_aUruapan, Mich. : _b el autor |
||
| 300 | _a53 h. | ||
| 502 | _aTesis (Ing. Agr. Fitomejoramiento) UMSHN (Mich.) | ||
| 650 |
_aAntracnosis del frijol _96119 |
||
| 650 |
_aColletotrichum lindemuthianum _925256 |
||
| 650 |
_aFrijol _x variedades resistentes a enfermedades _943447 |
||
| 710 |
_aUMSHN (Mich.) _9170253 |
||
| 901 | _aPA TESIS 162 | ||
| 902 | _aM | ||
| 905 | _a0000001981 0000000000 00 | ||
| 910 | _a1981 | ||
| 942 | _cPARA | ||
| 942 |
_cPARA _d2 |
||
| 999 |
_c204331 _d204331 |
||